Countries that end in Land - Statistics

General Stats
  • This quiz has been taken 48 times
    30 since last reset
  • The average score is 6 of 10
Answer Stats
Answer % Correct
Finland
80%
Poland
76%
Netherlands
72%
Iceland
64%
New Zealand
64%
Switzerland
56%
Thailand
56%
Ireland
52%
Marshall Islands
48%
Solomon Islands
48%
No matching quizzes found
Score Distribution
Percent of People with Each Score
Percentile by Number Answered
Your Score History
You have not taken this quiz since the last reset